[Event "ITA-chT Final 56th"]
[Site "Darfo Boario Terme"]
[Date "2025.04.11"]
[Round "7.32"]
[White "Boraso, Alessio"]
[Black "Trabattoni, Franco"]
[Result "1-0"]
[WhiteElo "2219"]
[BlackElo "2185"]
[PlyCount "93"]
[EventDate "2025.04.07"]
[EventType "team-swiss"]
[EventRounds "9"]
[EventCountry "ITA"]
[SourceTitle "CB16_2025"]
[SourceDate "2025.04.16"]
[SourceVersion "1"]
[SourceVersionDate "2025.04.16"]
[SourceQuality "1"]
[WhiteTeam "Milan Accademia"]
[BlackTeam "Cerianese Scacchistica"]
[WhiteTeamCountry "ITA"]
[BlackTeamCountry "ITA"]

1. e4 c5 2. Nf3 g6 3. c3 d5 4. exd5 Qxd5 5. d4 Bg7 6. Nbd2 cxd4 7. Bc4 Qd8 8. Nxd4 Nf6 9. N2f3 0-0 10. 0-0 Qc7 11. Qe2 a6 12. Re1 Nc6 13. Nxc6 Qxc6 14. Ne5 Qc7 15. h3 b5 16. Bb3 Bb7 17. Bf4 Qc5 18. Rad1 e6 19. Rd3 Bd5 20. Bg3 Rfe8 21. Ng4 Bxb3 22. Nxf6+ Bxf6 23. axb3 Rad8 24. Red1 Rxd3 25. Rxd3 Rd8 26. Rxd8+ Bxd8 27. Qd3 Qd5 28. Qc2 Bb6 29. b4 a5 30. bxa5 Bxa5 31. Qe2 f6 32. Qe3 e5 33. Qa7 Bd8 34. f3 Qf7 35. Qc5 Qd7 36. c4 bxc4 37. Qxc4+ Kg7 38. Qc2 Bb6+ 39. Bf2 Bd4 40. b4 Qb5 41. Bxd4 exd4 42. Qc7+ Kh6 43. Qf4+ Kg7 44. Qxd4 Qe2 45. Qc5 h5 46. b5 f5 47. b6 1-0

[Event "Titled Tuesday intern op 11th Mar Early"]
[Site "Chess.com INT"]
[Date "2025.03.11"]
[Round "5"]
[White "Boraso, Alessio"]
[Black "Duarte Cramer, Lily Jeanette"]
[Result "1-0"]
[WhiteElo "2204"]
[BlackElo "1836"]
[PlyCount "51"]
[EventDate "2025.03.11"]
[EventType "swiss (blitz)"]
[EventRounds "11"]
[EventCountry "USA"]
[SourceTitle "CB12_2025"]
[SourceDate "2025.03.19"]
[SourceVersion "1"]
[SourceVersionDate "2025.03.19"]
[SourceQuality "1"]

1. e4 c5 2. Nc3 d6 3. Bb5+ Bd7 4. a4 Nc6 5. Nf3 a6 6. Bc4 e6 7. 0-0 Be7 8. d4 cxd4 9. Nxd4 Nxd4 10. Qxd4 Nf6 11. Rd1 Bc6 12. e5 dxe5 13. Qxe5 Qc8 14. b3 0-0 15. Bb2 Rd8 16. Rxd8+ Qxd8 17. Rd1 Qe8 18. Rd3 Rd8 19. Rg3 Bd6 20. Rxg7+ Kxg7 21. Qg5+ Kf8 22. Qxf6 b5 23. axb5 axb5 24. Nxb5 Rd7 25. Qh8+ Ke7 26. Bf6# 1-0

[Event "Titled Tuesday intern op 11th Mar Early"]
[Site "Chess.com INT"]
[Date "2025.03.11"]
[Round "7"]
[White "Boraso, Alessio"]
[Black "Horobetz, Graham"]
[Result "0-1"]
[WhiteElo "2204"]
[BlackElo "2258"]
[PlyCount "62"]
[EventDate "2025.03.11"]
[EventType "swiss (blitz)"]
[EventRounds "11"]
[EventCountry "USA"]
[SourceTitle "CB12_2025"]
[SourceDate "2025.03.19"]
[SourceVersion "1"]
[SourceVersionDate "2025.03.19"]
[SourceQuality "1"]

1. Nf3 c5 2. e3 d5 3. b3 Nc6 4. Bb5 Bd7 5. c4 a6 6. Bxc6 Bxc6 7. Ne5 Rc8 8. Qf3 Nf6 9. Nc3 d4 10. Nxc6 Rxc6 11. Ne4 g6 12. Nxf6+ exf6 13. 0-0 Bg7 14. Qe4+ Qe7 15. Qxe7+ Kxe7 16. exd4 cxd4 17. d3 f5 18. Re1+ Kd7 19. Ba3 Re6 20. Kf1 h5 21. Bc5 Rc8 22. Ba3 Rce8 23. Rxe6 fxe6 24. Ke2 e5 25. f3 e4 26. fxe4 fxe4 27. Rf1 exd3+ 28. Kxd3 Re3+ 29. Kd2 Bh6 30. Rf7+ Re7+ 31. Rf4 Bxf4+ 0-1

[Event "Titled Tuesday intern op 11th Mar Early"]
[Site "Chess.com INT"]
[Date "2025.03.11"]
[Round "9"]
[White "Levitan, Judah Nathan"]
[Black "Boraso, Alessio"]
[Result "0-1"]
[WhiteElo "2082"]
[BlackElo "2204"]
[PlyCount "48"]
[EventDate "2025.03.11"]
[EventType "swiss (blitz)"]
[EventRounds "11"]
[EventCountry "USA"]
[SourceTitle "CB12_2025"]
[SourceDate "2025.03.19"]
[SourceVersion "1"]
[SourceVersionDate "2025.03.19"]
[SourceQuality "1"]

1. e4 g5 2. d4 Bg7 3. Bxg5 c5 4. c3 Qb6 5. Ne2 cxd4 6. cxd4 Nc6 7. Nbc3 Nxd4 8. Be3 Qxb2 9. Rc1 Ne6 10. Nd5 Nf6 11. Nec3 0-0 12. Nxe7+ Kh8 13. Be2 Nxe4 14. Nxe4 Qb4+ 15. Qd2 Qxe7 16. 0-0 f5 17. Nc5 f4 18. Nxe6 fxe3 19. Qxe3 Qxe6 20. Qd3 d5 21. Bd1 Qg6 22. Qe3 Bh6 23. Qc3+ Qg7 24. Qb2 Qxb2 0-1

[Event "Titled Tuesday intern op 04th Mar Early"]
[Site "Chess.com INT"]
[Date "2025.03.04"]
[Round "8"]
[White "Ivannikov, Maksim"]
[Black "Boraso, Alessio"]
[Result "1-0"]
[WhiteElo "2184"]
[BlackElo "2204"]
[PlyCount "67"]
[EventDate "2025.03.04"]
[EventType "swiss (blitz)"]
[EventRounds "11"]
[EventCountry "USA"]
[SourceTitle "CB11_2025"]
[SourceDate "2025.03.12"]
[SourceVersion "1"]
[SourceVersionDate "2025.03.12"]
[SourceQuality "1"]

1. e4 c5 2. Nf3 Nc6 3. d4 cxd4 4. Nxd4 e5 5. Nb5 d6 6. N1c3 a6 7. Na3 Be7 8. Nd5 Nf6 9. Be3 Nxd5 10. exd5 Nd4 11. c3 Nf5 12. Bd2 0-0 13. Bd3 Nh4 14. g3 e4 15. Bxe4 f5 16. Bd3 Ng6 17. 0-0 Ne5 18. Be2 f4 19. Bxf4 Rxf4 20. gxf4 Ng6 21. Qd4 Bf6 22. Qe3 Nh4 23. Bd3 Qf8 24. Rae1 Bd7 25. Qg3 Qf7 26. Nc4 Qh5 27. Be2 Qh6 28. Nxd6 Rf8 29. Ne4 Bd8 30. d6 Rxf4 31. Bc4+ Kh8 32. Nc5 Rg4 33. Qxg4 Bxg4 34. Re8# 1-0

[Event "Titled Tuesday intern op 04th Mar Early"]
[Site "Chess.com INT"]
[Date "2025.03.04"]
[Round "3"]
[White "Skliarov, Viktor"]
[Black "Boraso, Alessio"]
[Result "1-0"]
[WhiteElo "2340"]
[BlackElo "2204"]
[PlyCount "65"]
[EventDate "2025.03.04"]
[EventType "swiss (blitz)"]
[EventRounds "11"]
[EventCountry "USA"]
[SourceTitle "CB11_2025"]
[SourceDate "2025.03.12"]
[SourceVersion "1"]
[SourceVersionDate "2025.03.12"]
[SourceQuality "1"]

1. e4 d6 2. d4 Nf6 3. Nc3 g6 4. f3 c6 5. Be3 Nbd7 6. Qd2 e5 7. g4 b5 8. Nge2 Bb7 9. g5 Nh5 10. Ng3 Nf4 11. Bxf4 exf4 12. Qxf4 Bg7 13. 0-0-0 h6 14. h4 hxg5 15. hxg5 Rxh1 16. Nxh1 Qe7 17. Bh3 0-0-0 18. Nf2 Kc7 19. Bxd7 Rxd7 20. Ng4 b4 21. Ne2 Qe6 22. b3 a5 23. Nf6 Rd8 24. Rh1 Rh8 25. Rxh8 Bxh8 26. Qh4 Bg7 27. Nf4 Qe7 28. Kd2 Kb8 29. Nd3 Ba6 30. Qf4 Kc7 31. e5 Bxd3 32. exd6+ Qxd6 33. Ne8+ 1-0

[Event "Titled Tuesday intern op 25th Feb Early"]
[Site "Chess.com INT"]
[Date "2025.02.25"]
[Round "4"]
[White "Duncan, Christopher R"]
[Black "Boraso, Alessio"]
[Result "1-0"]
[WhiteElo "2173"]
[BlackElo "2204"]
[PlyCount "77"]
[EventDate "2025.02.25"]
[EventType "swiss (blitz)"]
[EventRounds "11"]
[EventCountry "USA"]
[SourceTitle "CB10_2025"]
[SourceDate "2025.03.05"]
[SourceVersion "1"]
[SourceVersionDate "2025.03.05"]
[SourceQuality "1"]

1. c4 d6 2. Nc3 g6 3. d4 Bg7 4. e4 Nd7 5. Nf3 e5 6. Be2 Ne7 7. 0-0 0-0 8. Be3 h6 9. Qc2 Kh7 10. Rad1 c6 11. Rfe1 Qc7 12. b4 b6 13. b5 c5 14. dxe5 dxe5 15. a4 Re8 16. a5 Nf8 17. Nd5 Nxd5 18. cxd5 Rd8 19. Nd2 Bd7 20. Rb1 Be8 21. Nc4 Nd7 22. Rb3 Bf8 23. Ra1 Nf6 24. f3 Bd6 25. Qb2 Nh5 26. Bf1 Bd7 27. Rba3 bxa5 28. Rxa5 Rdb8 29. Nxd6 Qxd6 30. Rxa7 Rxa7 31. Rxa7 Nf4 32. g3 Nh5 33. Qc3 Bxb5 34. Bxc5 Qf6 35. Qb2 Be8 36. Qxb8 Qxf3 37. Qxe5 Bb5 38. Bxb5 Qd1+ 39. Bf1 1-0

[Event "Titled Tuesday intern op 11th Feb Early"]
[Site "Chess.com INT"]
[Date "2025.02.11"]
[Round "7"]
[White "Abad Huaman, Adrian Estiven"]
[Black "Boraso, Alessio"]
[Result "0-1"]
[WhiteElo "2046"]
[BlackElo "2204"]
[PlyCount "86"]
[EventDate "2025.02.11"]
[EventType "swiss (blitz)"]
[EventRounds "11"]
[EventCountry "USA"]
[SourceTitle "CB09_2025"]
[SourceDate "2025.02.27"]
[SourceVersion "1"]
[SourceVersionDate "2025.02.27"]
[SourceQuality "1"]

1. d4 Nf6 2. c4 g6 3. Nc3 d6 4. e4 Bg7 5. Nf3 0-0 6. Be2 Bg4 7. Be3 Nfd7 8. Qd2 e5 9. d5 Bxf3 10. gxf3 a5 11. h4 f5 12. Bg5 Qe8 13. h5 f4 14. h6 Bf6 15. Bxf6 Rxf6 16. Bf1 Na6 17. Bh3 Ndc5 18. 0-0-0 Nb4 19. Kb1 Ra6 20. a3 Nb3 21. Qc2 Nxc2 22. Kxc2 Nd4+ 23. Kb1 Rb6 24. Bg4 Rb3 25. Ka2 Rf8 26. Rd2 b5 27. cxb5 a4 28. Rhd1 Qa8 29. Rxd4 exd4 30. Rxd4 Rxc3 31. bxc3 Qa7 32. Kb2 Rb8 33. Be6+ Kf8 34. Bd7 Ke7 35. Bc6 Kf6 36. Kc2 Ke5 37. Kd3 Qc5 38. Rxa4 Rxb5 39. Bxb5 Qxb5+ 40. Rc4 Qa6 41. a4 g5 42. a5 Qb5 43. a6 Qxa6 0-1

[Event "Titled Tuesday intern op 11th Feb Early"]
[Site "Chess.com INT"]
[Date "2025.02.11"]
[Round "1"]
[White "Bjerre, Jonas Buhl"]
[Black "Boraso, Alessio"]
[Result "1-0"]
[WhiteElo "2640"]
[BlackElo "2204"]
[PlyCount "45"]
[EventDate "2025.02.11"]
[EventType "swiss (blitz)"]
[EventRounds "11"]
[EventCountry "USA"]
[SourceTitle "CB08_2025"]
[SourceDate "2025.02.19"]
[SourceVersion "1"]
[SourceVersionDate "2025.02.19"]
[SourceQuality "1"]

1. e4 c5 2. Nf3 Nc6 3. Bc4 a6 4. 0-0 e6 5. c3 b5 6. Bb3 Bb7 7. d4 cxd4 8. cxd4 Na5 9. Bc2 Nf6 10. Re1 d5 11. e5 Ne4 12. Nbd2 Bb4 13. a3 Nxd2 14. Bxd2 Bxd2 15. Qxd2 Nc4 16. Qf4 Nxb2 17. Ng5 Qe7 18. Nxh7 Rc8 19. Bb1 Nc4 20. Ng5 Nxa3 21. Rxa3 f6 22. exf6 gxf6 23. Rxe6 1-0

[Event "Titled Tuesday intern op 04th Feb Early"]
[Site "Chess.com INT"]
[Date "2025.02.04"]
[Round "1"]
[White "Boraso, Alessio"]
[Black "Bellincampi, Stefano"]
[Result "1-0"]
[WhiteElo "2204"]
[BlackElo "1963"]
[PlyCount "69"]
[EventDate "2025.02.04"]
[EventType "swiss (blitz)"]
[EventRounds "11"]
[EventCountry "USA"]
[SourceTitle "CB07_2025"]
[SourceDate "2025.02.12"]
[SourceVersion "1"]
[SourceVersionDate "2025.02.12"]
[SourceQuality "1"]

1. d4 d5 2. Bg5 h6 3. Bh4 c6 4. c3 Qb6 5. Qb3 Nd7 6. Nf3 Ngf6 7. Nbd2 e6 8. e3 Be7 9. Bd3 0-0 10. 0-0 Qxb3 11. axb3 a6 12. b4 Re8 13. Nb3 Ne4 14. Bxe7 Rxe7 15. Bxe4 dxe4 16. Nfd2 Nf6 17. Nc5 e5 18. dxe5 Rxe5 19. Nc4 Re7 20. Rfd1 Be6 21. Nd6 Bc8 22. Rd4 b6 23. Ncxe4 Nxe4 24. Rxe4 Rxe4 25. Nxe4 Be6 26. Kf1 Bc4+ 27. Ke1 Kf8 28. Nd6 Bd5 29. e4 Be6 30. f3 Ke7 31. Rd1 Rd8 32. Nf5+ Ke8 33. Rxd8+ Kxd8 34. Nxg7 Bc4 35. Nf5 1-0

[Event "Titled Tuesday intern op 04th Feb Early"]
[Site "Chess.com INT"]
[Date "2025.02.04"]
[Round "4"]
[White "Boraso, Alessio"]
[Black "Mejia, Cherry Ann"]
[Result "0-1"]
[WhiteElo "2204"]
[BlackElo "1991"]
[PlyCount "76"]
[EventDate "2025.02.04"]
[EventType "swiss (blitz)"]
[EventRounds "11"]
[EventCountry "USA"]
[SourceTitle "CB07_2025"]
[SourceDate "2025.02.12"]
[SourceVersion "1"]
[SourceVersionDate "2025.02.12"]
[SourceQuality "1"]

1. c4 e5 2. Nc3 Nf6 3. Nf3 Nc6 4. g3 d5 5. cxd5 Nxd5 6. Bg2 Be6 7. 0-0 Be7 8. d4 Nxc3 9. bxc3 e4 10. Nd2 f5 11. Rb1 Rb8 12. Qa4 0-0 13. Ba3 Bxa3 14. Qxa3 Qd6 15. Qxd6 cxd6 16. Rb2 Rfc8 17. Rfb1 b6 18. Nb3 g6 19. f3 d5 20. Kf2 Kf7 21. h4 Ke7 22. a4 Kd6 23. Ke3 h6 24. Nd2 Na5 25. Rc1 Rc7 26. fxe4 dxe4 27. Rbc2 Rbc8 28. g4 Nb3 29. h5 Nxc1 30. Rxc1 Rxc3+ 31. Rxc3 Rxc3+ 32. Kf2 e3+ 33. Ke1 exd2+ 34. Kxd2 Rg3 35. g5 Rxg2 36. gxh6 Bg8 37. hxg6 Rxg6 38. Ke3 Rxh6 0-1

[Event "Titled Tuesday intern op 04th Feb Early"]
[Site "Chess.com INT"]
[Date "2025.02.04"]
[Round "5"]
[White "Castillo Sevilla, Ian Eiffel"]
[Black "Boraso, Alessio"]
[Result "1-0"]
[WhiteElo "2095"]
[BlackElo "2204"]
[PlyCount "173"]
[EventDate "2025.02.04"]
[EventType "swiss (blitz)"]
[EventRounds "11"]
[EventCountry "USA"]
[SourceTitle "CB07_2025"]
[SourceDate "2025.02.12"]
[SourceVersion "1"]
[SourceVersionDate "2025.02.12"]
[SourceQuality "1"]

1. d4 d6 2. Bf4 Nd7 3. Nf3 Ngf6 4. h3 g6 5. Bh2 Bg7 6. e3 0-0 7. Be2 Re8 8. 0-0 e5 9. c3 Qe7 10. Na3 c6 11. Rc1 e4 12. Nd2 b5 13. Nab1 h5 14. a4 a6 15. c4 b4 16. a5 Nh7 17. Qa4 c5 18. Nb3 Qg5 19. Rfd1 Ndf6 20. Kh1 Bh6 21. dxc5 dxc5 22. Rd5 Nxd5 23. Qxe8+ Nf8 24. cxd5 Bxh3 25. gxh3 Rxe8 26. Rxc5 Qh4 27. Kg2 Nh7 28. Bg3 Qf6 29. N1d2 Qxb2 30. Bc4 Bg5 31. d6 h4 32. Bf4 Bxf4 33. exf4 e3 34. fxe3 Rxe3 35. d7 Rg3+ 36. Kf2 Qf6 37. d8Q+ Kg7 38. Rd5 Qxf4+ 39. Ke2 Rg2+ 40. Kd1 Qg3 41. Rd3 Rg1+ 42. Kc2 Qf4 43. Qd4+ Qxd4 44. Nxd4 Ng5 45. N4f3 Rg2 46. Nxg5 Rxg5 47. Rf3 Rxa5 48. Rxf7+ Kh6 49. Rf4 g5 50. Re4 Rc5 51. Kb3 a5 52. Re6+ Kg7 53. Rd6 g4 54. hxg4 h3 55. Rd7+ Kf6 56. Rd3 h2 57. Rh3 Rc8 58. Rxh2 Rd8 59. Bb5 Kg5 60. Bc4 Rc8 61. Ne4+ Kf4 62. Nd6 Rd8 63. Nb7 Rb8 64. Nxa5 Kxg4 65. Nc6 Rb6 66. Nxb4 Kg3 67. Re2 Kf3 68. Rc2 Rb8 69. Kc3 Ke3 70. Nd5+ Kf3 71. Rd2 Ke4 72. Re2+ Kf5 73. Kd4 Rd8 74. Rf2+ Kg5 75. Ke3 Re8+ 76. Kd4 Rd8 77. Bd3 Rd7 78. Be4 Rd8 79. Ke3 Kh4 80. Rg2 Kh3 81. Kf3 Rf8+ 82. Ke3 Re8 83. Rg6 Kh4 84. Kf4 Rf8+ 85. Nf6 Kh3 86. Bg2+ Kh2 87. Be4 1-0

[Event "Titled Tuesday intern op 14th Jan Early"]
[Site "Chess.com INT"]
[Date "2025.01.14"]
[Round "4"]
[White "Boraso, Alessio"]
[Black "Kovalev, Vladislav"]
[Result "0-1"]
[WhiteElo "2204"]
[BlackElo "2557"]
[PlyCount "134"]
[EventDate "2025.01.14"]
[EventType "swiss (blitz)"]
[EventRounds "11"]
[EventCountry "USA"]
[SourceTitle "CB04_2025"]
[SourceDate "2025.01.22"]
[SourceVersion "1"]
[SourceVersionDate "2025.01.22"]
[SourceQuality "1"]

1. e4 e5 2. Nf3 Nc6 3. Bc4 Nf6 4. d3 h6 5. Nbd2 d6 6. a4 a6 7. Nf1 g6 8. h3 Bg7 9. Ng3 d5 10. exd5 Nxd5 11. 0-0 0-0 12. Re1 Re8 13. c3 Be6 14. Qc2 Nb6 15. Bxe6 Rxe6 16. d4 Qd5 17. dxe5 Nxe5 18. Nxe5 Rxe5 19. Rxe5 Qxe5 20. Be3 Qe6 21. Bxb6 Qxb6 22. Rd1 Re8 23. b3 h5 24. Nf1 Qf6 25. c4 Qe6 26. Ne3 c6 27. Qd3 Bh6 28. Re1 Qf6 29. g3 Rd8 30. Qe2 Qc3 31. Rd1 Rxd1+ 32. Qxd1 Bxe3 33. fxe3 Qxe3+ 34. Kg2 Qe4+ 35. Kf2 Kg7 36. h4 Qf5+ 37. Ke3 Qe5+ 38. Kf2 Qc3 39. Kg2 Qe3 40. Qb1 Qe2+ 41. Kg1 f6 42. Kh1 Qf3+ 43. Kh2 g5 44. hxg5 fxg5 45. Qb2+ Kg6 46. Qc2+ Kh6 47. Qd2 Qf6 48. Kg2 Qe6 49. Qb2 Kg6 50. Qc2+ Qf5 51. Qd2 Qe4+ 52. Kh2 Qe5 53. Qc2+ Kf6 54. Qf2+ Ke7 55. Qc2 h4 56. Qh7+ Kd6 57. Qh6+ Kc5 58. Qf8+ Kd4 59. Qf2+ Kc3 60. Qf3+ Kb4 61. Qf7 Qxg3+ 62. Kh1 Qh3+ 63. Kg1 Qg4+ 64. Kh1 Qe4+ 65. Kg1 c5 66. a5 Kxa5 67. Qc7+ b6 0-1

[Event "Titled Tuesday intern op 14th Jan Early"]
[Site "Chess.com INT"]
[Date "2025.01.14"]
[Round "3"]
[White "Boraso, Alessio"]
[Black "Yuan, Qingyu"]
[Result "1-0"]
[WhiteElo "2204"]
[BlackElo "2341"]
[PlyCount "71"]
[EventDate "2025.01.14"]
[EventType "swiss (blitz)"]
[EventRounds "11"]
[EventCountry "USA"]
[SourceTitle "CB04_2025"]
[SourceDate "2025.01.22"]
[SourceVersion "1"]
[SourceVersionDate "2025.01.22"]
[SourceQuality "1"]

1. b3 b6 2. Bb2 Bb7 3. e3 Nf6 4. Nf3 e6 5. c4 d5 6. Nc3 Be7 7. Qc2 Nbd7 8. Be2 c5 9. cxd5 exd5 10. d4 Rc8 11. Rd1 0-0 12. 0-0 Qc7 13. Qf5 g6 14. Qh3 Rfd8 15. Ne5 Nxe5 16. dxe5 Qxe5 17. Nxd5 Qxb2 18. Nxe7+ Kg7 19. Nxc8 Bxc8 20. Qf3 Bg4 21. Qb7 Bxe2 22. Rxd8 Bxf1 23. Qe7 Kh6 24. Kxf1 Qb1+ 25. Ke2 Qf5 26. f3 Qc2+ 27. Rd2 Qf5 28. h4 Kg7 29. Rd8 Qc2+ 30. Ke1 Qb1+ 31. Kf2 Qb2+ 32. Kg3 Kh6 33. Qf8+ Kh5 34. Kh3 Qe2 35. Rd5+ Nxd5 36. g4# 1-0

[Event "Titled Tuesday intern op 14th Jan Early"]
[Site "Chess.com INT"]
[Date "2025.01.14"]
[Round "8"]
[White "Ferreira, Enzo Suzarte"]
[Black "Boraso, Alessio"]
[Result "0-1"]
[WhiteElo "2076"]
[BlackElo "2204"]
[PlyCount "72"]
[EventDate "2025.01.14"]
[EventType "swiss (blitz)"]
[EventRounds "11"]
[EventCountry "USA"]
[SourceTitle "CB04_2025"]
[SourceDate "2025.01.22"]
[SourceVersion "1"]
[SourceVersionDate "2025.01.22"]
[SourceQuality "1"]

1. c4 g6 2. Nc3 Bg7 3. d4 Nf6 4. e4 0-0 5. Nf3 d6 6. h3 Na6 7. Be3 e5 8. dxe5 dxe5 9. Qxd8 Rxd8 10. Be2 c6 11. 0-0 Nh5 12. Rfd1 Be6 13. b3 Nf4 14. Bf1 Nb4 15. Rac1 f6 16. Kh2 Bf8 17. g3 Nfd3 18. Bxd3 Nxd3 19. Rc2 Rd7 20. Kg2 Bb4 21. Kf1 Rad8 22. Ng1 b6 23. f4 Kf7 24. fxe5 fxe5 25. h4 Bg4 26. Nge2 Bxc3 27. Rxc3 Bxe2+ 28. Kxe2 Nf4+ 29. Bxf4 Rxd1 30. Bg5 R8d7 31. Rf3+ Ke8 32. Rf6 R1d6 33. Rf1 Rd4 34. Kf3 Rf7+ 35. Kg2 Rxf1 36. Kxf1 Rxe4 0-1

[Event "Titled Tuesday intern op 14th Jan Early"]
[Site "Chess.com INT"]
[Date "2025.01.14"]
[Round "5"]
[White "Shuvalov, Evgenij"]
[Black "Boraso, Alessio"]
[Result "0-1"]
[WhiteElo "1996"]
[BlackElo "2204"]
[PlyCount "86"]
[EventDate "2025.01.14"]
[EventType "swiss (blitz)"]
[EventRounds "11"]
[EventCountry "USA"]
[SourceTitle "CB04_2025"]
[SourceDate "2025.01.22"]
[SourceVersion "1"]
[SourceVersionDate "2025.01.22"]
[SourceQuality "1"]

1. d4 Nf6 2. c4 e6 3. Nf3 d5 4. Nc3 Be7 5. Bf4 0-0 6. e3 Nbd7 7. c5 Ne4 8. Nxe4 dxe4 9. Ne5 Nxe5 10. Bxe5 b6 11. b4 a5 12. a3 Qd5 13. Bxc7 axb4 14. axb4 Rxa1 15. Qxa1 Qb3 16. Bxb6 Qxb4+ 17. Kd1 Bd7 18. Be2 Ba4+ 19. Kc1 Ra8 20. Rd1 Bc6 21. Qb2 Qa4 22. Kd2 Bd5 23. Ke1 Qc6 24. Ra1 f5 25. Rxa8+ Qxa8 26. g3 g5 27. h3 Bf6 28. Qc1 Qa4 29. Kf1 f4 30. exf4 Bxd4 31. c6 Bxb6 32. c7 Bxc7 33. Qxc7 Qa1+ 34. Kg2 e3+ 35. Bf3 Bxf3+ 36. Kxf3 exf2 37. Qd8+ Kf7 38. Qd7+ Kf8 39. Qd8+ Kf7 40. Kxf2 Qb2+ 41. Kf3 Qc3+ 42. Kg4 gxf4 43. Qd7+ Kf6 0-1

[Event "Titled Tuesday intern op 14th Jan Early"]
[Site "Chess.com INT"]
[Date "2025.01.14"]
[Round "2"]
[White "Sieciechowicz, Marcin"]
[Black "Boraso, Alessio"]
[Result "0-1"]
[WhiteElo "2401"]
[BlackElo "2204"]
[PlyCount "60"]
[EventDate "2025.01.14"]
[EventType "swiss (blitz)"]
[EventRounds "11"]
[EventCountry "USA"]
[SourceTitle "CB04_2025"]
[SourceDate "2025.01.22"]
[SourceVersion "1"]
[SourceVersionDate "2025.01.22"]
[SourceQuality "1"]

1. d4 Nf6 2. c4 g6 3. Nc3 Bg7 4. e4 0-0 5. Be2 d6 6. Be3 c5 7. d5 b5 8. cxb5 a6 9. a4 Qa5 10. Bd2 Qb4 11. f3 Nbd7 12. bxa6 Bxa6 13. Nb5 Bxb5 14. Bxb4 Bxe2 15. Nxe2 cxb4 16. 0-0 Nc5 17. Nd4 Nfd7 18. a5 Ne5 19. Nb3 Rfc8 20. Nxc5 dxc5 21. Qb3 Rab8 22. a6 c4 23. Qa4 Nd3 24. a7 Ra8 25. Qd7 Bd4+ 26. Kh1 Rf8 27. Qb5 Rfc8 28. Qb7 Re8 29. Ra6 b3 30. Rc6 Nxb2 0-1

[Event "Piacenza op 2nd"]
[Site "Piacenza"]
[Date "2024.09.27"]
[Round "2"]
[White "Boraso, Alessio"]
[Black "Marzatico, Luca"]
[Result "0-1"]
[WhiteElo "2243"]
[BlackElo "2022"]
[PlyCount "107"]
[EventDate "2024.09.27"]
[EventType "swiss"]
[EventRounds "6"]
[EventCountry "ITA"]
[SourceTitle "EXT 2025"]
[Source "ChessBase"]
[SourceDate "2024.10.14"]
[SourceVersion "1"]
[SourceVersionDate "2024.10.14"]
[SourceQuality "1"]

1. e4 e6 2. d4 d5 3. e5 c5 4. c3 Nc6 5. Nf3 Bd7 6. Be2 f6 7. 0-0 fxe5 8. Nxe5 Nxe5 9. dxe5 Qc7 10. Re1 Ne7 11. Bf1 0-0-0 12. a4 Nc6 13. Qe2 Be7 14. Na3 a6 15. Bd2 Rdf8 16. b4 c4 17. b5 Na5 18. Reb1 Rf5 19. bxa6 bxa6 20. Be3 Bc5 21. Bxc5 Qxc5 22. Nc2 Nc6 23. Nb4 Rhf8 24. Ra2 a5 25. Nxc6 Bxc6 26. Qg4 R8f7 27. Rab2 Kc7 28. Qg3 g5 29. h4 h6 30. Ra2 Rf4 31. hxg5 hxg5 32. Re1 Rh4 33. Qe3 Rfh7 34. f3 Qxe3+ 35. Rxe3 Kb6 36. Kf2 Kc5 37. g3 Rh2+ 38. Bg2 Rb7 39. Re1 Rb3 40. Rc1 Rh8 41. Bf1 Rhb8 42. Bh3 Bd7 43. Rcc2 R8b6 44. f4 Rb8 45. Re2 gxf4 46. gxf4 Rxc3 47. Bg4 Rf8 48. f5 exf5 49. Bf3 Be6 50. Rab2 Rb3 51. Rbc2 d4 52. Rc1 d3 53. Rd2 Kd4 54. Bd1 0-1

[Event "Piacenza op 2nd"]
[Site "Piacenza"]
[Date "2024.09.27"]
[Round "1"]
[White "Vezzosi, Paolo"]
[Black "Boraso, Alessio"]
[Result "0-1"]
[WhiteElo "2040"]
[BlackElo "2243"]
[PlyCount "50"]
[EventDate "2024.09.27"]
[EventType "swiss"]
[EventRounds "6"]
[EventCountry "ITA"]
[SourceTitle "EXT 2025"]
[Source "ChessBase"]
[SourceDate "2024.10.14"]
[SourceVersion "1"]
[SourceVersionDate "2024.10.14"]
[SourceQuality "1"]

1. d4 Nf6 2. Nf3 e6 3. g3 d5 4. Bg2 Be7 5. 0-0 0-0 6. c4 dxc4 7. Ne5 Nd5 8. Nxc4 b5 9. Ne5 Bb7 10. a4 a6 11. Nd2 Nc6 12. Ndf3 Ndb4 13. Bd2 Nxe5 14. Bxb4 Nxf3+ 15. Bxf3 Bxf3 16. Bxe7 Qxe7 17. exf3 Rad8 18. axb5 axb5 19. Qb3 c6 20. Qc3 Rd6 21. Ra6 Rc8 22. Qc5 Qd7 23. Rc1 g6 24. Ra7 Qd8 25. Rd1 Rd5 0-1

[Event "Bratislava exe op 2nd"]
[Site "Bratislava"]
[Date "2024.09.19"]
[Round "6"]
[White "Boraso, Alessio"]
[Black "Doraszelski, Alexander"]
[Result "1/2-1/2"]
[WhiteElo "2243"]
[BlackElo "2103"]
[PlyCount "115"]
[EventDate "2024.09.14"]
[EventType "swiss"]
[EventRounds "9"]
[EventCountry "SVK"]
[SourceTitle "EXT 2025"]
[Source "ChessBase"]
[SourceDate "2024.10.14"]
[SourceVersion "1"]
[SourceVersionDate "2024.10.14"]
[SourceQuality "1"]

1. e4 c5 2. Nf3 d6 3. d4 cxd4 4. Nxd4 Nf6 5. Nc3 a6 6. g3 e5 7. Nf3 Be7 8. Bg2 0-0 9. Nh4 g6 10. Bh6 Re8 11. h3 b5 12. a3 Bb7 13. Qd2 Kh8 14. 0-0 Nbd7 15. Rfe1 Rc8 16. Rac1 Qc7 17. a4 b4 18. Nd5 Nxd5 19. exd5 Qa5 20. Re4 Bxd5 21. Rxb4 Bxg2 22. Nxg2 d5 23. Rd4 Qxd2 24. Rxd2 d4 25. Re2 f5 26. Rd1 Bf6 27. c3 Kg8 28. Ne1 Nc5 29. cxd4 exd4 30. Rxe8+ Rxe8 31. Nd3 Nxd3 32. Rxd3 Rb8 33. b3 Kf7 34. Bd2 Ke6 35. f3 Kd5 36. Kf2 h5 37. Ke2 g5 38. g4 hxg4 39. hxg4 Re8+ 40. Kd1 fxg4 41. fxg4 Re4 42. Rf3 Be5 43. Rf5 Rxg4 44. Rxg5 Rh4 45. b4 Ke4 46. Rg1 Kd3 47. Rf1 Kc4 48. b5 axb5 49. axb5 Kxb5 50. Rf5 Re4 51. Bf4 Rxf4 52. Rxe5+ Kc4 53. Ra5 Kd3 54. Ra3+ Ke4 55. Rh3 Rg4 56. Kd2 Rg2+ 57. Kd1 d3 58. Rh8 1/2-1/2